000 00308nam a2200097Ia 4500
082 _aEJF HAYE
245 0 _aPersoneregbronnebundel = Law of persons source book
100 _a Boezaart, Trynie Claremont, South Africa, 2010 5de uitg
_983200
942 _cBK
008 210817s9999 xx 000 0 und d
999 _c302617
_d302616